000 00879nam a22002057a 4500
999 _c7241
_d7241
003 AR-CdUCM
008 190320b ||||| |||| 00| 0 spa d
040 _aMUNICIPALIDAD PROVINCIAL DEL CUSCO
_cBIBLIOTECA MUNICIPAL DEL CUSCO
082 _a146 /
_bK96
100 _aKursanov, G.A.
_920410
245 _aEl materialismo dialéctico y el concepto /
260 _aMéxico :
_bGrijalbo,
_c1966.
300 _a290 páginas ;
_c22 cm.
505 _aContenido : Capitulo primero : Aparicion y desarrollo de las primeras formas del pensamiento -- Capitulo segundo : Esencia contradictoria de los conceptos en las ciencias sociales y naturales -- Capitulo tercero : Esencia contradictoria del concepto en cuanto forma del pensamiento ...
650 _aMaterialismo
_95459
650 _aDialectico
_920411
650 _aPensamiento humano
_915870
942 _2ddc
_cLIBROS
945 _arah